00798naa a2200217 a 450000100080000000500110000800800410001910000200006024501000008026000090018030000140018950000260020365000130022965000090024270000140025170000180026570000180028370000270030170000210032877302310034921315912021-04-30 2020 bl uuuu u00u1 u #d1 aHIRAKURI, M. H. aA cultura da soja no Brasil e metodologia utilizada para o diagnóstico.h[electronic resource] c2020 ap. 11-23. apágina 24 em branco. aSoybeans aSoja1 aCONTE, O.1 aPRANDO, A. M.1 aCASTRO, C. de1 aBALBINOT JUNIOR, A. A.1 aCAMPOS, L. J. M. tIn: HIRAKURI, M. H.; CONTE, O.; PRANDO, A. M.; CASTRO, C. de; BALBINOT JUNIOR, A. A. (Ed.). Diagnóstico da produção de soja nas macrorregiões sojícolas 2 e 3. Londrina: Embrapa Soja, 2020. (Embrapa Soja. Documentos, 435).